| 000 | 00789nam a2200229Ii 4500 | ||
|---|---|---|---|
| 003 | JO-AjNU | ||
| 008 | 230605s9999||||xx |||||||||||||| ||und|| | ||
| 017 | _a2017/3/1193 | ||
| 020 | _a978-9957-00-660-0 | ||
| 040 |
_aJO-AjNU _bara _erda _cJO-AjNU |
||
| 041 | _aara | ||
| 050 | 1 | 4 | _aLB1028.A85.2017 |
| 100 | 3 |
_aعطير، ربيع شفيق, _eauthor _960008 |
|
| 245 | 0 | 0 | _aالادارة الالكترونية كمدخل اداري لتطوير الانظمة التعليمية |
| 250 | _aط1 | ||
| 264 | 3 | 1 | _aعمان: دار الشروق للنشر والتوزيع، 2017 |
| 300 | _a207ص | ||
| 336 |
_atext _btxt _2rdacontent |
||
| 337 |
_aunmediated _bn _2rdamedia |
||
| 338 |
_avolume _bnc _2rdacarrier |
||
| 650 | 4 |
_aالادارة التربوية-الانترنت _960009 |
|
| 999 |
_aA27033 _c30601 _d30601 |
||